000 00433nam a22001577a 4500
999 _c3762
_d3762
008 200629b ||||| |||| 00| 0 eng d
020 _a0853344477
082 0 0 _a574.52636
_bB1671
100 _93088
_aBaker, J. M.
245 1 0 _aMarine ecology and oil pollution /
_cedited by J. M. Baker
250 _a1st ed.
260 _aLondon
_bApplied science
_c1976
300 _avii, 566 p.
650 0 _aOil pollution of the sea
942 _cBK